Normal view
MARC view
Entry Personal Name
001 - CONTROL NUMBER
- control field: 9914
003 - CONTROL NUMBER IDENTIFIER
- control field: ARRUPE
005 - DATE AND TIME OF LATEST TRANSACTION
- control field: 20140414162136.0
008 - FIXED-LENGTH DATA ELEMENTS
- fixed length control field: 140414|| aca||aabn | a|a d
040 ## - CATALOGING SOURCE
- Original cataloging agency: ARRUPE
- Transcribing agency: ARRUPE
100 ## - HEADING--PERSONAL NAME
- Personal name: Seaver, George,
- Dates associated with a name: 1890-
670 ## - SOURCE DATA FOUND
- Source citation: Work cat.: (ARRUPE)0: Seaver, George, 1890-, David Livingstone: his life and letters., [1957]